000 01136cam a2200325 i 4500
999 _c5961
_d5961
001 17991970
003 OSt
005 20220209153241.0
008 140109s2015 njua 001 0 eng
010 _a 2014000625
020 _a9781118141809 (pbk. : alk. paper)
040 _aDLC
_beng
_cDLC
_erda
_dDLC
042 _apcc
050 0 0 _aTA330
_b.R29 2015
082 _a620 RAT 2015
100 1 _aRattan, Kuldip S.;Klingbeil, Nathan W.
_912369
245 1 0 _aIntroductory Mathematics for Engineering Applications
264 1 _aHoboken, NJ :
_bWiley,
_c2015
300 _aviii, 419 pages :
_bill ;
_c24 cm
336 _atext
_2rdacontent
337 _aunmediated
_2rdamedia
338 _avolume
_2rdacarrier
500 _aIncludes index.
650 0 _aMathematics
_912370
650 0 _aEngineering
_9373
776 0 8 _iOnline version:
_aRattan, Kuldip S.
_tIntroductory mathematics for engineering applications
_dHoboken, NJ : John Wiley and Sons, Inc., [2014]
_z9781118476598
_w(DLC) 2014001143
906 _a7
_bcbc
_corignew
_d1
_eecip
_f20
_gy-gencatlg
942 _2ddc
_cO_SHELF